000 00759nam a22002057a 4500
005 20100818121934.0
010 _aENG-100851
020 _a9788175348639
_c195.00
035 _aEN-84384
037 _bDBAD/PUB
082 _a346.072
100 _aSaharay,Madhusudan
_914652
245 _aTextbook on sale of goods and hire purchase /
_cby Madhusudan Saharay
260 _aDelhi
_bUniversal Law Publishing
_c2010
270 _aC-FF-1A, Dilkhush Industrial Estate G T Karnal Road
_bDelhi
_e110033
300 _axxx,197p
_c24cm(pbk)
500 _aincludes index
942 _2ddc
_cEN
_h346.072
_mSAH
999 _c42383
_d42383